000
00238 a2200097 4500
001
59647
100
_a
245
_a
Research Methodology; Techniques and Trends (V-1)
260
_a
New Delhi
_b
APH Publishing
_c
2009
090
_c
36521
_d
36521
942
_a
NUST-CAE
_c
_c
29471
999
_c
294720
_d
294720